<?xml version="1.0" encoding="UTF-8"?>
<record
    xmlns:xsi="http://www.w3.org/2001/XMLSchema-instance"
    xsi:schemaLocation="http://www.loc.gov/MARC21/slim http://www.loc.gov/standards/marcxml/schema/MARC21slim.xsd"
    xmlns="http://www.loc.gov/MARC21/slim">

  <leader>00435nam a22001577a 4500</leader>
  <controlfield tag="005">20170804115144.0</controlfield>
  <controlfield tag="008">170804b        xxu||||| |||| 00| 0 eng d</controlfield>
  <datafield tag="020" ind1=" " ind2=" ">
    <subfield code="a">9960283024</subfield>
  </datafield>
  <datafield tag="040" ind1=" " ind2=" ">
    <subfield code="c">PK-LaUMT</subfield>
  </datafield>
  <datafield tag="082" ind1=" " ind2=" ">
    <subfield code="a">ZIAC 297.01</subfield>
    <subfield code="b">JAM-A</subfield>
  </datafield>
  <datafield tag="100" ind1=" " ind2=" ">
    <subfield code="a">Jamil Bin Ali Khiyat , Muhammad</subfield>
  </datafield>
  <datafield tag="245" ind1=" " ind2=" ">
    <subfield code="a">Al adad ul roohi wal khulqi lilmualam/</subfield>
    <subfield code="c">Muhammad Jamil Bin Ali Khiyat</subfield>
  </datafield>
  <datafield tag="260" ind1=" " ind2=" ">
    <subfield code="a">&#x62C;&#x62F;&#x6C1;:</subfield>
    <subfield code="b">[ ]</subfield>
    <subfield code="c">1994</subfield>
  </datafield>
  <datafield tag="300" ind1=" " ind2=" ">
    <subfield code="a">208 &#x635;</subfield>
  </datafield>
  <datafield tag="942" ind1=" " ind2=" ">
    <subfield code="c">BK</subfield>
  </datafield>
  <datafield tag="999" ind1=" " ind2=" ">
    <subfield code="c">96428</subfield>
    <subfield code="d">96428</subfield>
  </datafield>
  <datafield tag="952" ind1=" " ind2=" ">
    <subfield code="0">0</subfield>
    <subfield code="1">0</subfield>
    <subfield code="4">0</subfield>
    <subfield code="7">0</subfield>
    <subfield code="a">01</subfield>
    <subfield code="b">01</subfield>
    <subfield code="d">2017-08-04</subfield>
    <subfield code="l">0</subfield>
    <subfield code="o">ZIAC 297.01 JAM-A</subfield>
    <subfield code="p">112071</subfield>
    <subfield code="r">2017-08-04 00:00:00</subfield>
    <subfield code="w">2017-08-04</subfield>
    <subfield code="y">BK</subfield>
  </datafield>
</record>
